00603 2200205 4500001002100000005001500021035002000036245004400056100001500100250001200115300002600127700009000153260003500243082001000278084001600288020002200304008003900326990001600365990001600381INLIS00000000000206920191107104728 a0010-11190000231 aBahagia Itu "Dipraktekin" /cTim Wesfix0 aTim Wesfix aCet1.-- a160 hlm ;c14 x 21 cm0 aEditor Adinto F Susanto ; Sampul wesfixity@gmail.com ; Tata Isi wesfixity@gmail.com ; aJakarta :bPT. Grasindo,c2014 a150.2 a150.2 TIM b a978-602-251-394-0191107 | | |  a00000001796 a00000001796